000 00500nam a2200181Ia 4500
003 IN-BaIIA
008 211028s9999 xx 000 0 eng d
020 _a0-7922-7373-7
040 _cIIA Library
080 _a523.43
_bRAE
100 _aRaeburn, P
_924902
245 0 _aUncovering the secrets of the red planet
_bmars
_cP. Reaburn
260 _aWashington, D. C.
_bNational Geographic Society
_c1998
300 _a231p.
650 _aMars
_91378
650 _aViking missions
_924903
942 _cBK
999 _c14144
_d14144